[Event "Êîìàíäíîå ïåð-âî ÐÔ 2012 ã. ïî êëàññè÷åñêèì øàõìàòàì "]
[Site "Ðûáèíñê"]
[Date "2012.08.05"]
[Round "4.103"]
[White "Ðîìàíîâ Ñòàíèñëàâ "]
[Black "Õîðñóí Âñåâîëîä "]
[Result "1-0"]
[WhiteElo "2115"]
[BlackElo "1882"]
[Annotator ""]
[Source ""]
[Remark ""]

1.e4 c5 2.c3 d5 3.exd5 Qxd5 4.d4 Nf6 5.Nf3 Bg4 6.Be3 Bxf3 7.Qxf3
Qxf3 8.gxf3 cxd4 9.cxd4 e6 10.Nc3 Bb4 11.O-O-O Nbd7 12.a3 Bd6
13.Ne4 Rc8+ 14.Kb1 Bb8 15.Bb5 Kf8 16.Rc1 Rxc1+ 17.Rxc1 Ke7 18.Bg5
h6 19.Bh4 Nb6 20.Rg1 g5 21.Bg3 Nbd5 22.Rc1 Nf4 23.Nc5 b6 24.Na6
Bd6 25.Nb4 Bxb4 26.Rc7+ Kf8 27.axb4 N6d5 28.Rxa7 Kg7 29.Bc4 Rd8
30.b3 Kf6 31.b5 Ne7 32.Rb7 Rd6 33.Kb2 Nf5 34.Kc3 Nxd4 35.Bxf4
gxf4 36.Rxb6 Rxb6 37.Kxd4 Ke7 38.Kc5 Rb8 39.Kc6 Kd8 40.b6 Rc8+
41.Kb7 Rc5 42.Ka7 Ra5+ 43.Ba6 Rxa6+ 44.Kxa6 Kc8 45.Ka7 1-0

[Event "Êîìàíäíîå ïåð-âî ÐÔ 2012 ã. ïî êëàññè÷åñêèì øàõìàòàì "]
[Site "Ðûáèíñê"]
[Date "2012.08.05"]
[Round "4.104"]
[White "Âëàñîâà Äàðüÿ "]
[Black "Ôðîëîâà Åêàòåðèíà "]
[Result "0-1"]
[WhiteElo "1878"]
[BlackElo "2078"]
[Annotator ""]
[Source ""]
[Remark ""]

1.d4 Nf6 2.c4 c5 3.d5 b5 4.cxb5 a6 5.bxa6 g6 6.Nc3 Bxa6 7.Nf3
Bg7 8.e4 Bxf1 9.Kxf1 d6 10.h3 O-O 11.Kg1 Nbd7 12.Kh2 Qa5 13.Re1
Nb6 14.e5 dxe5 15.Nxe5 Nbxd5 16.Nxd5 Nxd5 17.Bh6 Bxh6 18.Qxd5
e6 19.Qf3 Bg7 20.Kg1 Qc7 21.Nc4 Ra4 22.Rec1 Rb8 23.Rc2 Rbb4 24.Qe2
Qb8 25.a3 Bd4 26.Rd1 Rb3 27.Qd2 Qb5 28.Nd6 Qd7 29.Ne4 Qe7 30.Qe2
Ra5 31.Nd2 Rb8 32.Nf3 Bg7 33.Rcd2 Qf6 34.Ne1 Raa8 35.Qe4 Rd8
36.Nd3 Rac8 37.Qc4 Rd4 38.Qc2 Bh6 39.Re2 Rcd8 40.Ree1 Qf5 41.g4
Qd5 42.Re5 Qf3 43.g5 Qxh3 44.f4 Qg3+ 45.Qg2 Qxg2+ 46.Kxg2 Bg7
47.Rxc5 Rxd3 48.Rxd3 Rxd3 49.Rc8+ Bf8 50.Rb8 Kg7 51.Kf2 Bd6 52.Rb7
Bxf4 53.a4 Bxg5 54.a5 Rd6 55.b4 Bd2 56.Ke2 Bc3 57.Ke3 Kf6 58.Rb8
e5 59.Rb6 Bd4+ 0-1

[Event "Êîìàíäíîå ïåð-âî ÐÔ 2012 ã. ïî êëàññè÷åñêèì øàõìàòàì "]
[Site "Ðûáèíñê"]
[Date "2012.08.05"]
[Round "4.111"]
[White "Ìèõàéëîâ Âÿ÷åñëàâ "]
[Black "Àðáóçîâ Èâàí "]
[Result "1/2-1/2"]
[WhiteElo "2325"]
[BlackElo "2163"]
[Annotator ""]
[Source ""]
[Remark ""]

1.c4 e5 2.Nc3 Nc6 3.g3 g6 4.Bg2 Bg7 5.Nf3 Nf6 6.O-O O-O 7.d3
d6 8.Rb1 a5 9.a3 Bg4 10.h3 Be6 11.b4 axb4 12.axb4 Qc8 13.Kh2
Ne8 14.Nd5 Kh8 15.b5 Nd8 16.Bb2 f5 17.Ng5 Bg8 18.Ne7 Qd7 19.Nxg8
Kxg8 20.Ra1 Rb8 21.Qb3 h6 22.Nf3 Ne6 23.c5 Kh7 24.cxd6 cxd6 25.b6
Nf6 26.Ra7 Nc5 27.Qa3 Rfc8 28.d4 exd4 29.Bxd4 Nfe4 30.Qa2 Qe6
31.Qxe6 Nxe6 32.Bxg7 Kxg7 33.g4 Kf6 34.gxf5 gxf5 35.Nh4 Rc2 36.e3
Rb2 37.Ra5 N6c5 38.Rd1 Rxf2 39.Kg1 Rg8 40.Rxd6+ Kg5 41.Rxc5 Kxh4
42.Rxh6+ Kg3 43.Bxe4 fxe4 44.Rc1 Rg2+ 45.Kh1 Rh2+ 46.Kg1 Rg2+
47.Kh1 Rh2+ 1/2-1/2

[Event "Êîìàíäíîå ïåð-âî ÐÔ 2012 ã. ïî êëàññè÷åñêèì øàõìàòàì "]
[Site "Ðûáèíñê"]
[Date "2012.08.05"]
[Round "4.112"]
[White "Ñåðãèåíêî Àíòîí "]
[Black "Ìîðîçîâ Åãîð "]
[Result "1-0"]
[WhiteElo "2111"]
[BlackElo "2116"]
[Annotator ""]
[Source ""]
[Remark ""]

1.d4 Nf6 2.c4 g6 3.Nc3 Bg7 4.e4 d6 5.f3 e5 6.dxe5 dxe5 7.Qxd8+
Kxd8 8.Bg5 c6 9.O-O-O+ Kc7 10.g3 Be6 11.b3 Nbd7 12.Bh3 Bxh3 13.Nxh3
Nf8 14.Kc2 Ne6 15.Be3 h6 16.Nf2 Rhd8 17.f4 Nh5 18.fxe5 Bxe5 19.Ng4
Bd4 20.Rhf1 Rd7 21.Bxd4 Nxd4+ 22.Kb2 Re8 23.Nxh6 Ree7 24.g4 Ng7
25.Ng8 Re5 26.Nf6 Rd8 27.Nfd5+ cxd5 28.Rxf7+ Kb6 29.Rxd4 Ne6
30.Rxd5 Rdxd5 31.exd5 Nd4 32.Rf6+ Kc5 33.Na4+ Kb4 34.a3+ Ka5
35.Nc5 Re2+ 36.Kc3 Nb5+ 37.Kd3 1-0

[Event "Êîìàíäíîå ïåð-âî ÐÔ 2012 ã. ïî êëàññè÷åñêèì øàõìàòàì "]
[Site "Ðûáèíñê"]
[Date "2012.08.05"]
[Round "4.121"]
[White "Òàðàñîâ Àëåêñàíäð "]
[Black "Íîæêèí Íèêèòà "]
[Result "1/2-1/2"]
[WhiteElo "2124"]
[BlackElo "2117"]
[Annotator ""]
[Source ""]
[Remark ""]

1.d4 Nf6 2.c4 e6 3.Nf3 Bb4+ 4.Nbd2 b6 5.g3 Bb7 6.Bg2 O-O 7.O-O
Re8 8.a3 Bf8 9.Qc2 c5 10.e4 cxd4 11.e5 Ng4 12.h3 Nh6 13.Ne4 Bxe4
14.Qxe4 Nc6 15.Bxh6 gxh6 16.Nxd4 Nxd4 17.Qxd4 Rc8 18.Rfd1 Rc7
19.Kh2 Bc5 20.Qd3 f5 21.f4 Kh8 22.Qf3 Rg8 23.Rd3 Qe8 24.Rf1 Bf8
25.Qe2 h5 26.h4 Qg6 27.Qf3 Qe8 28.Qe2 Qg6 29.Qf3 Qe8 30.Qe2 1/2-1/2

[Event "Êîìàíäíîå ïåð-âî ÐÔ 2012 ã. ïî êëàññè÷åñêèì øàõìàòàì "]
[Site "Ðûáèíñê"]
[Date "2012.08.05"]
[Round "4.122"]
[White "Êàðäàøåâñêèé Åâãåíèé "]
[Black "Êîæåâíèêîâ Èâàí "]
[Result "1/2-1/2"]
[WhiteElo "2105"]
[BlackElo "2073"]
[Annotator ""]
[Source ""]
[Remark ""]

1.d4 d5 2.c4 c6 3.Nf3 Nf6 4.Nc3 dxc4 5.a4 e6 6.e3 c5 7.Bxc4 Nc6
8.O-O Be7 9.dxc5 O-O 10.Qe2 Bxc5 11.Rd1 Qc7 12.Nb5 Qe7 13.e4
e5 14.Be3 Nxe4 15.Rac1 a6 16.Bxc5 Nxc5 17.Nd6 Be6 18.Nxe5 Bxc4
19.Qxc4 Qxe5 20.Qxc5 Qxc5 21.Rxc5 Rfd8 22.Rcd5 Rd7 23.Nf5 Rxd5
24.Rxd5 g6 25.Ne3 Rc8 26.g3 Rc7 27.Kg2 Kg7 28.Rd6 Na5 29.Rd4
Nc6 30.Rd5 h5 31.h4 Kf8 32.Kf3 Ke8 33.Kf4 f6 34.Rd2 Ne7 35.Kf3
Rd7 36.Rc2 Nc6 37.Kg2 Rd4 38.Rc4 Rxc4 39.Nxc4 Ke7 40.Kf3 Ke6
41.Ke4 1/2-1/2

[Event "Êîìàíäíîå ïåð-âî ÐÔ 2012 ã. ïî êëàññè÷åñêèì øàõìàòàì "]
[Site "Ðûáèíñê"]
[Date "2012.08.05"]
[Round "4.123"]
[White "Åëåöêèé Èâàí "]
[Black "Ïîëÿíöåâ Ðàäæ "]
[Result "1/2-1/2"]
[WhiteElo "2115"]
[BlackElo "1951"]
[Annotator ""]
[Source ""]
[Remark ""]

1.d4 d5 2.c4 e6 3.Nc3 Nf6 4.cxd5 exd5 5.Bg5 Be7 6.e3 Nbd7 7.Bd3
O-O 8.Nge2 Re8 9.O-O c6 10.Qc2 Nf8 11.f3 Ng6 12.Rae1 Nh5 13.Bxe7
Qxe7 14.Nc1 Qg5 15.Qf2 Bf5 16.b4 Bxd3 17.Nxd3 f5 18.f4 Qe7 19.b5
Nf6 20.bxc6 bxc6 21.Qc2 Ne4 22.Nxe4 Qxe4 23.Qe2 Rab8 24.Nc5 Qe7
25.Qd3 Rb2 26.g3 Rxa2 27.Qxf5 Nh4 28.Qb1 Rg2+ 29.Kh1 Rd2 30.Qb4
Rc2 31.Qa4 Rd2 32.Qxc6 Ng2 33.Ra1 Nxe3 34.Rxa7 Rxh2+ 35.Kxh2
Nxf1+ 36.Kh3 Qe2 37.Qxd5+ Kh8 38.Ra2 Qe3 39.Rg2 h6 40.Qc6 Rf8 1/2-1/2

[Event "Êîìàíäíîå ïåð-âî ÐÔ 2012 ã. ïî êëàññè÷åñêèì øàõìàòàì "]
[Site "Ðûáèíñê"]
[Date "2012.08.05"]
[Round "4.124"]
[White "Àíóôðèåíêî Äàðüÿ "]
[Black "Êèñòåíåâà Åëèçàâåòà "]
[Result "0-1"]
[WhiteElo "1985"]
[BlackElo "2040"]
[Annotator ""]
[Source ""]
[Remark ""]

1.e4 c5 2.c3 d5 3.exd5 Qxd5 4.Nf3 Nf6 5.Na3 e6 6.d4 a6 7.Nc4
Nbd7 8.a4 b6 9.Be2 Bb7 10.Be3 Rd8 11.dxc5 Bxc5 12.Qc2 Bxe3 13.fxe3
Qc5 14.b4 Qc7 15.Rd1 O-O 16.Nd6 Bd5 17.e4 Qxd6 18.exd5 Nxd5 19.O-O
Qc7 20.Ng5 g6 21.Rf3 Qe5 22.Qd2 a5 23.Nxh7 Kxh7 24.Rh3+ Kg7 25.Qh6+
Kf6 26.Rf3+ Ke7 27.Qh4+ g5 28.Qf2 Nxc3 29.Re1 Nxe2+ 30.Rxe2 Qd6
31.Qe3 f6 32.Qe4 axb4 33.Rd3 Qc5+ 34.Kh1 Ne5 35.Rxd8 Rxd8 36.Qh7+
Nf7 37.Qb1 b3 38.Qe1 Qd5 39.Qb4+ Rd6 40.Re1 Qd2 41.Qe4 b2 42.h3
Qd4 43.Qc2 Qb4 44.Rb1 Qd2 45.Qe4 Qc1+ 46.Kh2 Rd1 47.Qb4+ Nd6
48.Rxb2 Rh1+ 49.Kg3 Qe3+ 50.Kg4 Rd1 51.Qxb6 Rd4+ 52.Kh5 Rh4+ 0-1

[Event "Êîìàíäíîå ïåð-âî ÐÔ 2012 ã. ïî êëàññè÷åñêèì øàõìàòàì "]
[Site "Ðûáèíñê"]
[Date "2012.08.05"]
[Round "4.131"]
[White "Ïîëîñèí Åâãåíèé "]
[Black "Ìàñëîâ Èâàí "]
[Result "0-1"]
[WhiteElo "2065"]
[BlackElo "1975"]
[Annotator ""]
[Source ""]
[Remark ""]

1.e4 Nf6 2.Nc3 d5 3.exd5 Nxd5 4.d4 Nxc3 5.bxc3 g6 6.Nf3 Bg7 7.Bc4
O-O 8.Be3 c5 9.Qd2 Nc6 10.Bb5 Na5 11.Bh6 c4 12.Bxg7 Kxg7 13.Qe2
Be6 14.Qe5+ Kg8 15.h4 Qd5 16.Qxd5 Bxd5 17.Bd7 e6 18.Rb1 a6 19.Rb6
Rfd8 20.Ba4 Bxf3 21.gxf3 h5 22.f4 Kf8 23.Rg1 Rd5 24.Rg5 Rxg5
25.fxg5 Rd8 26.Ke2 Ke7 27.Ke3 Rd6 28.Rb4 Rd5 29.Rb6 Kd8 30.Rb1
b5 31.Bb3 cxb3 32.axb3 Kc7 33.Ra1 Kb6 34.Rd1 Rf5 35.f3 Rd5 36.Ke4
Rd7 37.f4 Nb7 38.c4 Nd6+ 39.Kd3 Nf5 40.Ke4 Nxh4 41.c5+ Kc6 42.Ra1
Ra7 43.c4 bxc4 44.bxc4 Nf5 45.Ra5 Ne7 46.Ke5 h4 47.Kf6 Nf5 48.Ke5
Ne3 49.d5+ exd5 50.cxd5+ Nxd5 51.f5 Ne3 52.Kf4 Nxf5 53.Kg4 Ra8
54.Kh3 Kb7 55.Kh2 Re8 56.Kh3 Re3+ 57.Kg2 Kc6 58.Rxa6+ Kxc5 59.Rf6
Nd6 60.Rf1 Rg3+ 61.Kh2 Rxg5 0-1

[Event "Êîìàíäíîå ïåð-âî ÐÔ 2012 ã. ïî êëàññè÷åñêèì øàõìàòàì "]
[Site "Ðûáèíñê"]
[Date "2012.08.05"]
[Round "4.132"]
[White "Íàâðîäñêèé Áîðèñ "]
[Black "Õàæèïîâ Òèìóð "]
[Result "1-0"]
[WhiteElo "1953"]
[BlackElo "2107"]
[Annotator ""]
[Source ""]
[Remark ""]

1.d4 Nf6 2.c4 e6 3.Nf3 d5 4.e3 c6 5.Nbd2 Nbd7 6.Bd3 Bd6 7.O-O
O-O 8.e4 dxe4 9.Nxe4 Nxe4 10.Bxe4 f5 11.Bc2 c5 12.b3 cxd4 13.Qxd4
Bc5 14.Qc3 Qc7 15.Bb2 Nf6 16.b4 Be7 17.Rfe1 h6 18.Bb3 Re8 19.c5
b6 20.c6 Bd6 21.b5 Kh8 22.Qc4 e5 23.Qf7 Re7 24.Qg6 Nh7 25.Rad1
Nf6 26.Nxe5 Bc5 27.Nf7+ Rxf7 28.Bxf7 Bxf2+ 29.Kh1 Be6 30.Rxe6
Rf8 31.Bxf6 Qxf7 32.Qxf7 Rxf7 33.Be5 1-0

[Event "Êîìàíäíîå ïåð-âî ÐÔ 2012 ã. ïî êëàññè÷åñêèì øàõìàòàì "]
[Site "Ðûáèíñê"]
[Date "2012.08.05"]
[Round "4.133"]
[White "Ïàíîâ Ìàêñèì "]
[Black "Ïàê Ìàòâåé "]
[Result "0-1"]
[WhiteElo "2091"]
[BlackElo "1800"]
[Annotator ""]
[Source ""]
[Remark ""]

1.c4 e5 2.Nc3 Nf6 3.g3 d5 4.cxd5 Nxd5 5.Bg2 Nb6 6.Nf3 Nc6 7.O-O
Be7 8.d3 O-O 9.Be3 Be6 10.Rc1 f5 11.Na4 Nxa4 12.Qxa4 Bf6 13.b4
h6 14.Bc5 Re8 15.b5 Ne7 16.Nd2 Nd5 17.Qc2 a6 18.a4 axb5 19.axb5
b6 20.e4 bxc5 21.exd5 Bxd5 22.Nf3 e4 23.dxe4 fxe4 24.Rcd1 exf3
25.Bxf3 Bd4 26.Bh5 Re5 27.Qg6 Rg5 0-1

[Event "Êîìàíäíîå ïåð-âî ÐÔ 2012 ã. ïî êëàññè÷åñêèì øàõìàòàì "]
[Site "Ðûáèíñê"]
[Date "2012.08.05"]
[Round "4.134"]
[White "Îáîëåíöåâà Àëåêñàíäðà "]
[Black "Õàôèçîâà ßíà "]
[Result "1-0"]
[WhiteElo "1950"]
[BlackElo "1920"]
[Annotator ""]
[Source ""]
[Remark ""]

1.d4 c5 2.d5 e5 3.c4 d6 4.Nc3 g6 5.e4 Bg7 6.Bd3 Nf6 7.Nge2 O-O
8.O-O Na6 9.f4 exf4 10.Bxf4 Nh5 11.Be3 Be5 12.Qe1 Qe7 13.Qf2
Bd7 14.h3 Nb4 15.Bb1 f5 16.Bh6 Rf7 17.a3 Na6 18.exf5 Bxf5 19.Qf3
Ng7 20.g4 Be6 21.Qg2 Rxf1+ 22.Qxf1 Rf8 23.Qg2 Qh4 24.Bd2 Bd7
25.Be4 Qf6 26.Be3 Nc7 27.Rf1 Qe7 28.Rxf8+ Qxf8 29.Qf2 Qe7 30.b4
b6 31.bxc5 bxc5 32.Bf4 Nce8 33.Bxe5 Qxe5 34.Qf4 Qe7 35.Nb5 a6
36.Na7 Qh4 37.Nc6 Qe1+ 38.Qf1 Qxf1+ 39.Kxf1 Nf6 40.Bg2 Kf7 41.Nc3
Nge8 42.Na4 Nc7 43.Nb6 h6 44.Nb8 Ke8 45.N8xd7 Nxd7 46.Nc8 Ne5
47.Nxd6+ Kd7 48.Nb7 Nxc4 49.Nxc5+ Kd6 50.Nb7+ Ke5 51.d6 Nxd6
52.Nxd6 Kxd6 53.Be4 g5 54.Kf2 Kc5 55.Ke3 Kc4 56.a4 Kb3 57.Bc6
Kb4 58.Kd4 Ne6+ 59.Ke4 a5 60.Bb5 Nc5+ 61.Kf5 Nxa4 62.Be8 Nc3
63.Kg6 Nb5 64.Kxh6 a4 65.Kxg5 a3 66.Bf7 Nd4 67.Ba2 Kc3 68.Kf6
Kb2 69.g5 Kxa2 70.g6 Kb1 71.g7 a2 72.g8Q a1Q 73.Qg1+ Ka2 74.Qxa1+
Kxa1 75.h4 Nf3 76.h5 Nd2 77.h6 Ne4+ 78.Kg6 Nc5 79.h7 1-0

[Event "Êîìàíäíîå ïåð-âî ÐÔ 2012 ã. ïî êëàññè÷åñêèì øàõìàòàì "]
[Site "Ðûáèíñê"]
[Date "2012.08.05"]
[Round "4.141"]
[White "Ãåíêåëü Äìèòðèé "]
[Black "Ìàëûøåâ Ãðèãîðèé "]
[Result "1-0"]
[WhiteElo "1941"]
[BlackElo "2003"]
[Annotator ""]
[Source ""]
[Remark ""]

1.e4 c6 2.d4 d5 3.exd5 cxd5 4.Bd3 Nc6 5.c3 Nf6 6.Bf4 Bg4 7.Nf3
e6 8.Nbd2 Bd6 9.Bxd6 Qxd6 10.O-O O-O 11.Re1 Bh5 12.Qc2 Rfc8 13.Qb3
Rab8 14.a4 Bg6 15.Bxg6 hxg6 16.Ne5 Nd7 17.Ndf3 Ncxe5 18.Nxe5
Nxe5 19.Rxe5 Qc6 20.Re2 b6 21.Qb5 Qb7 22.Qd3 a6 23.h4 b5 24.axb5
axb5 25.b4 Rc4 26.Rea2 Qc7 27.Ra3 Rc8 28.Ra7 Qf4 29.g3 Qf6 30.R1a3
g5 31.hxg5 Qxg5 32.Kg2 g6 33.Rb7 Qd8 34.Rxb5 Qc7 35.Rc5 Rxc5
36.dxc5 Qe7 37.Qd4 Rd8 38.c6 e5 39.Qb6 Qd6 40.Ra7 e4 41.b5 Qf6
42.Qe3 Rb8 43.c7 1-0

[Event "Êîìàíäíîå ïåð-âî ÐÔ 2012 ã. ïî êëàññè÷åñêèì øàõìàòàì "]
[Site "Ðûáèíñê"]
[Date "2012.08.05"]
[Round "4.142"]
[White "Àãàôîíöåâà Ñîôüÿ "]
[Black "Ðèâîíåíêî Âëàäèñëàâ "]
[Result "0-1"]
[WhiteElo "1618"]
[BlackElo "1992"]
[Annotator ""]
[Source ""]
[Remark ""]

1.Nf3 Nf6 2.b3 c5 3.Bb2 d5 4.e3 Bf5 5.d4 Nbd7 6.Nbd2 e6 7.Be2
Bd6 8.Ne5 Rc8 9.Rc1 Qa5 10.a4 cxd4 11.exd4 Bb4 12.f3 Bc3 13.Bxc3
Qxc3 14.Bb5 Qxd4 15.Nxd7 Nxd7 16.Bxd7+ Kxd7 17.Nf1 Qc3+ 18.Qd2
Qe5+ 19.Kf2 Qc3 20.Ke1 d4 21.Ng3 Bg6 22.Ne2 Qxd2+ 23.Kxd2 e5
24.f4 f6 25.Rhe1 Rhe8 26.fxe5 fxe5 27.Rf1 Kd6 28.g4 Rf8 29.c3
d3 30.Ng3 e4 31.h4 h6 32.Rce1 Ke5 33.Nh1 Rf4 34.Nf2 Rf3 35.Nd1
Rcf8 36.Rg1 Rh3 37.Rg2 a6 38.h5 Bh7 39.Ne3 Rhf3 40.Nd1 b5 41.a5
Bg8 42.b4 Bb3 43.g5 Bxd1 44.Kxd1 Rf2 45.Rg4 R8f4 46.Rg3 Ra2 47.gxh6
gxh6 48.Rg8 Ra1+ 49.Kd2 Rf2+ 50.Ke3 Rxe1+ 51.Kxf2 Re2+ 52.Kf1
e3 53.Rf8 Ra2 54.Re8+ Kf4 0-1

[Event "Êîìàíäíîå ïåð-âî ÐÔ 2012 ã. ïî êëàññè÷åñêèì øàõìàòàì "]
[Site "Ðûáèíñê"]
[Date "2012.08.05"]
[Round "4.144"]
[White "Ìàíäðûêèíà Çîÿ "]
[Black "Ïðàíèçèíà Àëèíà "]
[Result "0-1"]
[WhiteElo "1742"]
[BlackElo "1646"]
[Annotator ""]
[Source ""]
[Remark ""]

1.d4 d5 2.c4 e6 3.Nc3 Nf6 4.cxd5 exd5 5.Bg5 Be7 6.e3 O-O 7.Bd3
Be6 8.Nge2 h6 9.Bh4 c6 10.O-O Re8 11.Qc2 Nbd7 12.Nf4 Nf8 13.Nxe6
Nxe6 14.f3 Nh5 15.Bf2 Nf6 16.Rad1 Qc7 17.e4 dxe4 18.fxe4 Rad8
19.Bc4 Bb4 20.Ne2 Ba5 21.Bh4 Ng4 22.Bg3 Qb6 23.Qd3 Rd7 24.Qf3
Nf6 25.Bh4 Nh7 26.b3 Nhg5 27.Qg4 Qd8 28.Rf5 Bb6 29.Bxe6 Rxe6
30.Bxg5 hxg5 31.Rxg5 Qf6 32.Rf5 Qh6 33.Rf3 Qg6 34.Qxg6 Rxg6 35.Kf1
Re6 36.e5 Rxe5 37.Rfd3 Rf5+ 38.Ke1 Ba5+ 39.Nc3 Re7+ 40.Kd2 Rf2+
41.Kc1 Bxc3 42.Rxc3 Rxa2 43.d5 cxd5 44.Kb1 Rxg2 45.h3 Kh7 0-1

[Event "Êîìàíäíîå ïåð-âî ÐÔ 2012 ã. ïî êëàññè÷åñêèì øàõìàòàì "]
[Site "Ðûáèíñê"]
[Date "2012.08.05"]
[Round "4.151"]
[White "Êèòàåâ Èëüÿ "]
[Black "Âåêëè÷ Èãîðü "]
[Result "1-0"]
[WhiteElo "1947"]
[BlackElo "1783"]
[Annotator ""]
[Source ""]
[Remark ""]

1.d4 d5 2.c4 dxc4 3.Nf3 Nf6 4.e3 e6 5.Bxc4 c5 6.O-O a6 7.Bb3
cxd4 8.exd4 Bb4 9.a3 Ba5 10.Bg5 O-O 11.Nc3 h6 12.Bh4 b5 13.Ne5
Bb7 14.Kh1 Bb6 15.Ne2 Qe7 16.f4 Bc8 17.Qe1 Rd8 18.Rd1 Ra7 19.f5
exf5 20.Nxf7 Kh7 21.Nxd8 Qxd8 22.Nf4 g5 23.Ne6 Bxe6 24.Qxe6 f4
25.Be1 Bxd4 26.Bc3 Rd7 27.Bxd4 Rxd4 28.Qf7+ Kh8 29.Rxd4 Qxd4
30.Qf8+ Kh7 31.Bc2+ Ne4 32.Qe7+ Kh8 33.Bxe4 1-0

[Event "Êîìàíäíîå ïåð-âî ÐÔ 2012 ã. ïî êëàññè÷åñêèì øàõìàòàì "]
[Site "Ðûáèíñê"]
[Date "2012.08.05"]
[Round "4.152"]
[White "Ïðèïîëçèí Àíòîí "]
[Black "Âàñèëüåâ Àðêàäèé "]
[Result "0-1"]
[WhiteElo "1688"]
[BlackElo "1908"]
[Annotator ""]
[Source ""]
[Remark ""]

1.Nf3 d5 2.d4 e6 3.c4 c5 4.dxc5 Bxc5 5.cxd5 exd5 6.g3 Nf6 7.Bg2
O-O 8.O-O Nc6 9.Bg5 d4 10.Nbd2 Re8 11.Nb3 Bb6 12.Rc1 h6 13.Bd2
Ne4 14.Ne1 Qe7 15.Bf3 Bh3 16.Ng2 Rad8 17.Re1 g5 18.Na1 Nxd2 19.Qxd2
Ba5 20.Qd3 Bxe1 21.Rxe1 Ne5 22.Qb3 d3 23.Bh5 g4 24.Ne3 Qg5 25.Nd5
Rxd5 0-1

[Event "Êîìàíäíîå ïåð-âî ÐÔ 2012 ã. ïî êëàññè÷åñêèì øàõìàòàì "]
[Site "Ðûáèíñê"]
[Date "2012.08.05"]
[Round "4.153"]
[White "Ãèíîñÿí Ðàçìèê "]
[Black "Ìèíååâ Ñòàíèñëàâ "]
[Result "1-0"]
[WhiteElo "1976"]
[BlackElo "1716"]
[Annotator ""]
[Source ""]
[Remark ""]

1.e4 e6 2.Nf3 d5 3.Nc3 c5 4.exd5 exd5 5.Bb5+ Bd7 6.Bxd7+ Nxd7
7.Nxd5 Qe7+ 8.Qe2 Qxe2+ 9.Kxe2 Bd6 10.Re1 f6 11.Kf1+ Kf7 12.d3
Ne7 13.Nxe7 Bxe7 14.Bf4 g5 15.Bg3 h5 16.h4 g4 17.Nd2 Nb6 18.Ne4
Kg6 19.Ng5 Nd5 20.Ne6 Kf7 21.Re2 Rac8 22.Rae1 Rhe8 23.Nf4 Nxf4
24.Bxf4 f5 25.g3 Bf6 26.Rxe8 Rxe8 27.Rxe8 Kxe8 28.c3 Kd7 29.Ke2
Ke6 30.Ke3 Kd5 31.Bb8 a6 32.Kf4 Ke6 33.Ba7 Be7 34.d4 c4 35.d5+
Kf6 36.Bd4+ Kg6 37.Ke5 Bf6+ 38.Ke6 Bxd4 39.cxd4 b5 40.d6 b4 41.d7
c3 42.bxc3 bxc3 43.d8Q 1-0

[Event "Êîìàíäíîå ïåð-âî ÐÔ 2012 ã. ïî êëàññè÷åñêèì øàõìàòàì "]
[Site "Ðûáèíñê"]
[Date "2012.08.05"]
[Round "4.162"]
[White "Ðîòìèñòðîâ Àëåêñàíäð "]
[Black "Þìøàíîâ Ëåîíèä "]
[Result "1-0"]
[WhiteElo "1933"]
[BlackElo "1715"]
[Annotator ""]
[Source ""]
[Remark ""]

1.e4 d6 2.d4 Nf6 3.Nc3 g6 4.f4 Bg7 5.Nf3 c5 6.dxc5 Qa5 7.Bd3
Qxc5 8.Qe2 O-O 9.Be3 Qa5 10.O-O Bg4 11.h3 Bxf3 12.Qxf3 Nc6 13.Ne2
Nd7 14.c3 Rac8 15.a3 a6 16.Qf2 Nc5 17.Bc2 Nd7 18.Rad1 b5 19.e5
Qc7 20.exd6 exd6 21.Nd4 Nc5 22.f5 Nxd4 23.Bxd4 Bxd4 24.Qxd4 Nd7
25.Qxd6 Qc5+ 26.Rf2 Qxd6 27.Rxd6 Nc5 28.b4 Nb7 29.Rb6 Rc7 30.Be4
Nd8 31.Rc2 Rc4 32.Bd5 Rf4 33.fxg6 1-0

[Event "Êîìàíäíîå ïåð-âî ÐÔ 2012 ã. ïî êëàññè÷åñêèì øàõìàòàì "]
[Site "Ðûáèíñê"]
[Date "2012.08.05"]
[Round "4.163"]
[White "Êîïåíêèí Êèðèëë "]
[Black "Ïîãîñÿí Àâåòèê "]
[Result "1-0"]
[WhiteElo "2015"]
[BlackElo "1802"]
[Annotator ""]
[Source ""]
[Remark ""]

1.e4 c5 2.d3 Nc6 3.g3 g6 4.Bg2 Bg7 5.Ne2 d6 6.O-O Nf6 7.c3 O-O
8.f4 e6 9.h3 d5 10.e5 Nd7 11.d4 cxd4 12.cxd4 Nb6 13.g4 Bd7 14.Ng3
Qh4 15.Kh2 Qd8 16.Nc3 f5 17.gxf5 gxf5 18.a4 Ne7 19.b3 Ng6 20.a5
Nc8 21.a6 Bc6 22.axb7 Bxb7 23.Na4 Bc6 24.Nc5 Re8 25.Nxe6 Rxe6
26.Nxf5 Nh4 27.Nxh4 Qxh4 28.f5 Re7 29.f6 Rf7 30.fxg7 Rxg7 31.Qf3
Ne7 32.Rxa7 Re8 33.Qf4 Qh5 34.Ba3 Qg6 35.Rf2 Qe6 36.Bxe7 Rgxe7
37.Qg5+ Qg6 38.Qxg6+ hxg6 39.Rxe7 Rxe7 40.Rf6 Be8 41.Bxd5+ Kg7
42.Rb6 1-0

[Event "Êîìàíäíîå ïåð-âî ÐÔ 2012 ã. ïî êëàññè÷åñêèì øàõìàòàì "]
[Site "Ðûáèíñê"]
[Date "2012.08.05"]
[Round "4.191"]
[White "Àâàêÿí Àðìåí "]
[Black "Êðîëü Äìèòðèé "]
[Result "0-1"]
[WhiteElo "1815"]
[BlackElo "1790"]
[Annotator ""]
[Source ""]
[Remark ""]

1.e4 e5 2.Nf3 Nc6 3.Bb5 a6 4.Ba4 Nf6 5.O-O b5 6.Bb3 Bd6 7.d4
O-O 8.dxe5 Bxe5 9.Nxe5 Nxe5 10.f4 Ng6 11.e5 Ne8 12.Qd5 c6 13.Qe4
Qc7 14.Re1 d6 15.e6 fxe6 16.Bxe6+ Bxe6 17.Qxe6+ Qf7 18.g3 Ra7
19.Qxf7+ Kxf7 20.Bd2 Nf6 21.Nc3 d5 22.Be3 Raa8 23.Bc5 Rfe8 24.Kg2
Nf8 25.Bxf8 Rxe1 26.Rxe1 Rxf8 27.a3 Rd8 28.Kf3 d4 29.Ne4 Nxe4
30.Rxe4 d3 31.cxd3 Rxd3+ 32.Re3 Rd2 33.Rc3 Rxb2 34.Rxc6 Rb3+
35.Ke4 Rxa3 36.Rc7+ Kg6 37.Rc6+ Kh5 38.Rc5+ Kh6 39.g4 g6 40.Rc7
b4 41.g5+ Kh5 42.Rxh7+ Kg4 43.Rh6 b3 44.h3+ Kg3 45.Kd3 b2+ 46.Kc2
Rb3 47.Kb1 a5 48.Rxg6 a4 49.Ra6 a3 50.g6 Rc3 51.Rxa3 Rxa3 52.Kxb2
Ra7 53.f5 Rg7 54.Kc3 Kf4 55.h4 Kxf5 0-1

[Event "Êîìàíäíîå ïåð-âî ÐÔ 2012 ã. ïî êëàññè÷åñêèì øàõìàòàì "]
[Site "Ðûáèíñê"]
[Date "2012.08.06"]
[Round "5.11"]
[White "Åëèñååâ Þðèé "]
[Black "Þôôà Äàíèèë "]
[Result "1-0"]
[WhiteElo "2480"]
[BlackElo "2354"]
[Annotator ""]
[Source ""]
[Remark ""]

1.e4 c5 2.Nf3 d6 3.d4 cxd4 4.Nxd4 Nf6 5.Nc3 a6 6.Be3 e5 7.Nb3
Be7 8.Qd2 O-O 9.O-O-O a5 10.a4 Be6 11.f4 Ng4 12.g3 Nxe3 13.Qxe3
Nc6 14.Kb1 exf4 15.gxf4 Qb8 16.Rg1 Re8 17.f5 Bxb3 18.cxb3 Ne5
19.Nd5 Qd8 20.Bb5 Rf8 21.Qh6 g6 22.Rg3 1-0

[Event "Êîìàíäíîå ïåð-âî ÐÔ 2012 ã. ïî êëàññè÷åñêèì øàõìàòàì "]
[Site "Ðûáèíñê"]
[Date "2012.08.06"]
[Round "5.12"]
[White "Êîòëÿð Êèðèëë"]
[Black "Âàâóëèí Ìàêñèì"]
[Result "1-0"]
[WhiteElo "2292"]
[BlackElo "2292"]
[Annotator ""]
[Source ""]
[Remark ""]

1.e4 c5 2.Nf3 Nc6 3.Nc3 d6 4.d4 cxd4 5.Nxd4 e5 6.Nf5 Nf6 7.Bg5
Bxf5 8.exf5 Be7 9.Bxf6 Bxf6 10.Qd3 O-O 11.O-O-O Nd4 12.Nd5 Kh8
13.Kb1 Re8 14.Qe4 Rc8 15.c3 Nc6 16.h4 Ne7 17.Nxe7 Bxe7 18.Bc4
Rf8 19.g4 Bxh4 20.Bb3 h6 21.Rdg1 Bg5 22.Qxb7 Rc7 23.Qe4 Rc5 24.Rd1
Qe7 25.Rh3 Rd8 26.Rhd3 a5 27.Rd5 Rxd5 28.Qxd5 Qa7 29.Qxf7 Qxf2
30.a4 Qb6 31.Ka2 e4 32.Qe6 e3 33.Rd5 Qc6 34.f6 Bxf6 35.Qxe3 Re8
36.Qd3 Be5 37.Rxa5 Qd7 38.g5 Qc7 39.Rb5 Qe7 40.Qg6 Rc8 41.Bc2
Kg8 42.Qh7+ Kf8 43.Qh8+ 1-0

[Event "Êîìàíäíîå ïåð-âî ÐÔ 2012 ã. ïî êëàññè÷åñêèì øàõìàòàì "]
[Site "Ðûáèíñê"]
[Date "2012.08.06"]
[Round "5.13"]
[White "Ñàâåíêîâ Êîíñòàíòèí"]
[Black "Ïîïîâ Ìèõàèë"]
[Result "0-1"]
[WhiteElo "2162"]
[BlackElo "2186"]
[Annotator ""]
[Source ""]
[Remark ""]

1.e4 c5 2.Nf3 d6 3.Bb5+ Nd7 4.d4 cxd4 5.Qxd4 a6 6.Bxd7+ Bxd7
7.O-O h6 8.Nc3 e5 9.Qd3 Rc8 10.Nd2 Qc7 11.Rd1 Bg4 12.f3 Be6 13.Nf1
Bc4 14.Qd2 Bxf1 15.Rxf1 Be7 16.Qf2 Bg5 17.f4 exf4 18.Bxf4 Nf6
19.e5 Ng4 20.exd6 Nxf2 21.dxc7 Bxf4 22.Rxf2 Bxc7 23.Re1+ Kf8
24.Nd5 Bd6 25.b4 b5 26.Rd2 Rc6 27.c3 h5 28.a4 bxa4 29.Ra1 f6
30.Rxa4 Kf7 31.Rda2 Ke6 32.Ra5 Rb8 33.Re2+ Be5 34.Rxa6 Rxa6 35.Nc7+
Kf5 36.Nxa6 Rb6 37.Nc5 Bxc3 38.g3 Rxb4 39.Kg2 g5 40.Nd3 Rb1 41.h3
Bd4 42.Nf2 Kg6 43.Rd2 Be5 44.Nd3 Bd6 45.Rb2 Rd1 46.Nf2 Rd4 47.Rb3
Ra4 48.Rd3 Bc5 49.Rd2 Ra3 50.Ne4 Be7 51.Rd7 Kf7 52.Rd2 Re3 53.Nf2
f5 54.g4 fxg4 55.hxg4 h4 56.Rd3 Re2 57.Kf3 Ra2 58.Nh3 Kg6 59.Re3
Bf6 60.Rb3 Rh2 61.Ke4 Rg2 62.Rf3 Rxg4+ 63.Ke3 Ra4 64.Ke2 g4 65.Nf4+
Kf5 0-1

[Event "Êîìàíäíîå ïåð-âî ÐÔ 2012 ã. ïî êëàññè÷åñêèì øàõìàòàì "]
[Site "Ðûáèíñê"]
[Date "2012.08.06"]
[Round "5.14"]
[White "Ñàçîíîâà Àíàñòàñèÿ"]
[Black "Ñåâåðèíà Ìàðèÿ"]
[Result "0-1"]
[WhiteElo "1993"]
[BlackElo "2158"]
[Annotator ""]
[Source ""]
[Remark ""]

1.e4 e5 2.Nf3 Nc6 3.Nc3 Nf6 4.d4 exd4 5.Nxd4 Bb4 6.Nxc6 bxc6
7.Bd3 d5 8.exd5 cxd5 9.O-O O-O 10.h3 Be7 11.Qf3 Be6 12.Bf4 c6
13.Rad1 Qb6 14.b3 Rac8 15.Ne2 c5 16.Ng3 Bd6 17.Nf5 Bxf5 18.Bxf5
Rce8 19.Bg5 Ne4 20.Bh4 g6 21.Bxe4 dxe4 22.Qc3 Be5 23.Qc4 Bd4
24.Bg5 Qe6 25.Qe2 f5 26.Be3 Rd8 27.c3 Bxe3 28.Qxe3 Qe5 29.f3
Rd5 30.Rxd5 Qxd5 31.fxe4 fxe4 32.Rxf8+ Kxf8 33.Kf2 a5 34.Ke2
Ke8 35.Qd2 Qh5+ 36.Kf2 Qh4+ 37.Ke3 Qg5+ 38.Ke2 Qxg2+ 39.Kd1 Qxh3
40.Qe1 Qd3+ 41.Kc1 e3 0-1

[Event "Êîìàíäíîå ïåð-âî ÐÔ 2012 ã. ïî êëàññè÷åñêèì øàõìàòàì "]
[Site "Ðûáèíñê"]
[Date "2012.08.06"]
[Round "5.21"]
[White "Þäèí Èâàí"]
[Black "Ìàõìóòîâ Ðàèëü"]
[Result "0-1"]
[WhiteElo "2268"]
[BlackElo "2391"]
[Annotator ""]
[Source ""]
[Remark ""]

1.e4 e6 2.d4 d5 3.Nc3 Nf6 4.Bg5 dxe4 5.Nxe4 Be7 6.Bxf6 gxf6 7.Nf3
f5 8.Ng3 a6 9.Bd3 b5 10.Ne5 Bf6 11.Qf3 c6 12.Nh5 Bb7 13.O-O-O
Bxe5 14.dxe5 Qg5+ 15.Kb1 Nd7 16.h4 Qh6 17.Bxf5 O-O-O 18.Rhe1
exf5 19.Rd6 Qf8 20.Qxf5 Qe7 21.f4 Kb8 22.Red1 Nb6 23.Nf6 Nc4
24.Rd7 Bc8 25.Rxd8 Rxd8 26.Qh5 Qb4 27.b3 Nd2+ 28.Kb2 Qd4+ 29.c3
Nc4+ 30.bxc4 Qxd1 31.Qxd1 Rxd1 32.cxb5 Rd2+ 0-1